Szlovákiai magyar szép versek 2006

Bibliographic Details
Other Authors: Kukorelly, Endre, 1951- (Compiler)
Format: Book
Language:Hungarian
PhysicalDescription:111 s. 19 cm
Published: Pozsony Szlovákiai Magyar Írók Társasága 2006
ISBN:8096949152 (viaz.)
Edition:1. kiad.
Subjects:

MARC

LEADER 00000cam a2200000 a 4500
001 vtls008830150
003 SK-MaSNL
005 20260425232415.0
008 150827s2006 xo g 000 p hun
015 |a SNBA2006/07-03882 
020 |a 8096949152 (viaz.) 
035 |a B822CBF3-25AB-4DC0-AA6F-89DDEB3D327A 
035 |a urn:nbn:sk:snk-amjeap 
035 |a urn:nbn:sk:snk-am000z8e 
040 |a SNK  |b slo  |c SNK  |e AACR2 
041 0 |a hun 
043 |a e-xo--- 
044 |a xo  |c SK 
072 7 |a 821.511.1  |x Ugrofínske literatúry  |2 konspekt 
080 |a (437.6)  |2 2001 
080 |a (082.2)  |2 2001 
080 |a 821.511.141-1  |2 2001 
245 0 0 |a Szlovákiai magyar szép versek 2006  |c összeállította Kukorelly Endre 
250 |a 1. kiad. 
260 |a Pozsony  |b Szlovákiai Magyar Írók Társasága  |c 2006 
300 |a 111 s.  |c 19 cm 
366 |e 500 výtl. 
500 |a Pozn. Súbež. tir. slov. 
648 7 |a 2006  |2 SNKPH  |9 313148 
650 0 7 |a maďarská poézia  |2 SNKPH  |9 1294 
651 7 |a Slovensko  |2 SNKPH  |9 14231 
655 7 |a antológie  |2 SNKPH  |9 70414 
700 1 |a Kukorelly, Endre,  |d 1951-  |4 com  |9 191689 
752 |a Slovensko  |d Bratislava 
919 |a 80-969491-5-2 
999 |c 738656  |d 740586 
952 |a SNK  |b SNK  |y PREZ  |7 0  |p 17A0517170  |o snkSD 75767  |i snk2006/14436  |8 0  |0 0  |1 0  |4 0  |d 2006-07-21  |l 0  |r 2025-11-24 00:00:00  |w 2026-02-23 
952 |a SNK  |b SNK  |y VYP  |7 0  |p 17A0517171  |o snkSD 75767 D1  |i snk2006/14437  |8 0  |0 0  |1 0  |4 0  |d 2006-07-21  |f 1  |l 0  |r 2017-06-30 00:00:00  |w 2026-02-23